000 00805nam a22002417a 4500
999 _c5563
_d5563
003 AR-CdUCM
008 190312b ||||| |||| 00| 0 spa d
040 _aMUNICIPALIDAD PROVINCIAL DEL CUSCO
_cBIBLIOTECA MUNICIPAL DEL CUSCO
082 _a985.009 /
_bN94
100 _aNuñez, Eduardo
_910362
245 _aJosé Joaquín de Mora; Martín jorge Guise /
260 _aLima :
_bUniversitaria,
_c1966.
300 _a143 páginas ;
_c19 cm.
440 _aBiblioteca hombres del Perú
_nXXXVI
_916665
500 _aDonación de la familia Nieto.
650 _aBiografías
_9148
650 _aJosé Joaquín de Mora
_916666
650 _a Martín jorge Guise
_916667
650 _aHombres del Perú - Biografías
_92160
700 _aRomero, Fernando
_94725
942 _2ddc
_cLIBROS
945 _alccs